UBT Library

Organic chemistry / (Record no. 47268)

000 -LEADER
fixed length control field 00619pam a2200229 a 4500
001 - CONTROL NUMBER
control field 4433413
005 - DATE AND TIME OF LATEST TRANSACTION
control field 20180823043833.0
008 - FIXED-LENGTH DATA ELEMENTS--GENERAL INFORMATION
fixed length control field 940826s1995 njua 001 0 eng
010 ## - LIBRARY OF CONGRESS CONTROL NUMBER
LC control number 94024693
020 ## - INTERNATIONAL STANDARD BOOK NUMBER
International Standard Book Number 0133016315
040 ## - CATALOGING SOURCE
Original cataloging agency DLC
Transcribing agency DLC
Modifying agency DLC
041 ## - LANGUAGE CODE
Language code of text/sound track or separate title eng
080 ## - UNIVERSAL DECIMAL CLASSIFICATION NUMBER
Universal Decimal Classification number 547
082 00 - DEWEY DECIMAL CLASSIFICATION NUMBER
Classification number 547
Edition number 20
100 1# - Rafti
Rafti 12
101 ## - Shkurtesa
Shkurtesa KIM
245 10 - TITLE STATEMENT
Title Organic chemistry /
Statement of responsibility, etc L.G. Wade, Jr.
504 ## - BIBLIOGRAPHY, ETC. NOTE
Bibliography, etc Includes index.
906 ## - LOCAL DATA ELEMENT F, LDF (RLIN)
a 7
b cbc
c orignew
d 1
e ocip
f 19
g y-gencatlg
942 ## - ADDED ENTRY ELEMENTS (KOHA)
Source of classification or shelving scheme
Item type Books
Holdings
Withdrawn status Lost status Source of classification or shelving scheme Damaged status Not for loan Collection code Permanent location Current location Shelving location Date acquired Total Checkouts Full call number Barcode Date last seen Price effective from Koha item type
          Koleksioni i përgjithshem UBT - Lipjan UBT - Lipjan Koleksioni i përgjithshem 08/23/2018   547 WAD 002-3012135 08/23/2018 08/23/2018 Books
UBT Library © 2015-2024. All rights reserved University Education for Business and Technology